000 00717nam a2200265Ia 4500
003 OSt
005 20220912150617.0
006 a|||||r|||| 00| 0
007 ta
008 220909b |||||||| |||| 00| 0 eng d
024 _a43397
037 _cTextual
040 _aCSL
_beng
_cCSL
041 _aeng
082 _aE9G,1un1,N79, L9
100 _aEichhorn G L Ed.
245 0 _aAdvances in inorganic biochemistry
260 _aNew York
_b Elseiver
_c1979
300 _axiv, 261p.
_ccm.
650 _a Biochemistry
650 _aChemistry
700 _a Eichhorn L G Ed.
942 _hE9G,1un1,N79, L9
_cTEXL
_2CC
999 _c50851
_d50851